000 00504 a2200169 4500
003 OSt
005 20240823110453.0
008 231018b |||||||| |||| 00| 0 eng d
020 _a9789953279183
040 _coclc
082 _a808.51
_bNUA/F
100 1 _aNuʻayyim, Anṭwān
_99751
245 _aFann al-khiṭābah wa-al-ilqāʼ /
_bNuʻayyim, Anṭwān
_cVaheed naeem
260 _aBeirut:
_bArab book,
300 _a231 p
942 _2ddc
_cBK
_h808.51
_iNUA/F
_k808.51
_mNUA/F
999 _c42684
_d42684